000 00644nam a22002650a 4500
001 PT34102
003 AR-LpoUNG
005 20210131230145.0
008 191001suuuu||||ag |||||||||||||||||spa d
020 _a9500713322
_c$6.25
040 _aAR-LpoUNG
_bspa
_cAR-LpoUNG
_eaacr
041 _aspa
044 _aag
082 0 _a808.068 3 385luc
100 1 _aSchujer, Silvia
245 1 0 _aLucas duerme en un jardín
250 _a4§ ed.
260 _aBuenos Aires :
_bSudamericana,
_c2009.
300 _a31 p. :
_bil.
650 4 _aCUENTOS
653 _aLITERATURA INFANTIL
700 1 _aHuadi
_eil.
905 _a34102
942 _cLIB
999 _c1795
_d1795